000 00338nam a2200133 i 4500
001 bg
100 1 _aRULTAS, VALDO
245 0 _aProblematyka badawcza procesu dydaktycznego szkoł wyższej /
_cVALDO Rultas.
260 _aWarszawa,
_c1974.
040 _cBPK
041 _apol
942 _cKS
008 s pl f |000 0 pol
999 _c17517
_d17517
856 _uhttp://koha.tu.koszalin.pl/cgi-bin/koha/opac-detail.pl?biblionumber=17517
_yKatalog online BPK